Los medios de la comunicación y la tecnología educativa./ (Registro nro. 9421)

Detalles MARC
000 -LEADER
fixed length control field 00762nam a2200205Ia 4500
005 - FECHA Y HORA DE LA ÚLTIMA TRANSACCIÓN
control field 20250325192243.0
008 - FIXED-LENGTH DATA ELEMENTS--GENERAL INFORMATION
fixed length control field 230918s9999 xx 000 0 und d
020 ## - INTERNATIONAL STANDARD BOOK NUMBER
International Standard Book Number 9682409888
040 ## - CATALOGING SOURCE
Original cataloging agency UPAN
Transcribing agency Biblioteca San Vicente
Description conventions RCAA17
041 ## - LANGUAGE CODE
Language code of text/sound track or separate title spa
082 ## - DEWEY DECIMAL CLASSIFICATION NUMBER
Classification number 371.394 45
Item number C378m
año de publicación 1979
100 ## - MAIN ENTRY--PERSONAL NAME
Personal name Castañeda Yàñez, Margarita
Relator code aut.
245 #0 - TITLE STATEMENT
Title Los medios de la comunicación y la tecnología educativa./
Remainder of title Margarita Castañeda Yàñez
250 ## - EDITION STATEMENT
Edition statement 2ª ed.
260 ## - PUBLICATION, DISTRIBUTION, ETC. (IMPRINT)
Place of publication, distribution, etc Mexico:
Name of publisher, distributor, etc Trillas,
Date of publication, distribution, etc 1987
300 ## - PHYSICAL DESCRIPTION
Extent 184 p.;
Dimensions 23 cm.
505 ## - FORMATTED CONTENTS NOTE
Formatted contents note 1. Historia de la comunicación<br/>2. Percepción, visión y audición<br/>3. El proceso de enseñanza- aprendizaje<br/>4. Los medios de instrucción
650 ## - SUBJECT ADDED ENTRY--TOPICAL TERM
Source of heading or term LEMB
Topical term or geographic name as entry element Educacion
General subdivision Comunicación
942 ## - ADDED ENTRY ELEMENTS (KOHA)
Koha item type Libros
Source of classification or shelving scheme Dewey Decimal Classification
Existencias
Withdrawn status Lost status Source of classification or shelving scheme Damaged status Not for loan Collection code Home library Current library Date acquired Total Checkouts Full call number Barcode Date last seen Copy number Price effective from Koha item type
    Dewey Decimal Classification     Colección General Biblioteca UPAN San Vicente Biblioteca UPAN San Vicente 18/09/2023   371.394 45 C378m 12001360 18/09/2023 01 18/09/2023 Libros